000 00410nam a22001217a 4500
082 _a220 PRO
100 _aNC Ahmad Mujtaba NC Muhammad Amir Hamza
_971290
245 _aPR-SOF-1756-DUAL STAGE HIGH FREQUENCY CASCADED H-BRIDGE MULTI-LEVEL INVERTER
260 _aISLAMABAD
_bNUST COLLEGE OF EME
_c2018
650 _a DE-ELECT-36 DECLASS
_971291
700 _aPROJECT SUPERVISOR DR. USMAN ALI
_971292
942 _cCR
999 _c577890
_d577890